[Event "IECC M email"]
[Site "IECC email"]
[Date "1998.06.09"]
[Round "?"]
[White "Baur, Thomas"]
[Black "Kaufmann, Thorsten"]
[Result "0-1"]
[WhiteElo "1602"]
[BlackElo "1765"]
[PlyCount "78"]
[EventDate "1998.??.??"]
[EventType "tourn (corr)"]
[EventRounds "12"]
[SourceTitle "Corr 2008"]
[Source "ChessBase"]
[SourceDate "2008.06.24"]
[SourceVersion "1"]
[SourceVersionDate "2008.06.24"]
[SourceQuality "1"]

1. d4 Nf6 2. c4 c5 3. Nc3 cxd4 4. Qxd4 Nc6 5. Qd1 g6 6. g3 Bg7 7. Bg2 0-0 8. Nf3 b6 9. Bf4 Bb7 10. Rc1 a6 11. 0-0 d6 12. b3 Nh5 13. Qd2 Nxf4 14. Qxf4 b5 15. Rfd1 bxc4 16. Qxc4 Rc8 17. Qh4 e6 18. Qf4 d5 19. Ne4 e5 20. Qe3 d4 21. Qd2 Qe7 22. Nc5 e4 23. Nh4 e3 24. Qe1 exf2+ 25. Kxf2 Bh6 26. Rc4 Ba8 27. Nd3 Ne5 28. Nxe5 Qxe5 29. Bxa8 Rxc4 30. bxc4 Rxa8 31. Qb4 Re8 32. Qb2 Qc5 33. Rd3 Qxc4 34. Nf3 Be3+ 35. Kf1 Qe6 36. Rb3 Qh3+ 37. Ke1 Qg2 38. Kd1 Qh1+ 39. Ne1 Bf2 0-1